[Event "Open Hradec Králové 2017"]
[Site "Hradec Králové"]
[Date "2017.10.06"]
[Round "7"]
[White "Sernecki, Franciszek"]
[Black "Grela, Kacper"]
[Result "0-1"]
[WhiteElo "2109"]
[BlackElo "2274"]
[PlyCount "96"]
[EventDate "2017.10.01"]

1. d4 Nf6 2. Nf3 e6 3. e3 g6 4. Be2 Bg7 5. O-O d6 6. b3 O-O 7. Bb2 Nbd7 8. c4
Qe7 9. Nc3 b6 10. Qc2 Bb7 11. b4 e5 12. d5 Ne8 13. e4 f5 14. exf5 gxf5 15. Rad1
h6 16. Rfe1 Qf7 17. Na4 c5 18. dxc6 Bxc6 19. Nc3 Rc8 20. Qb3 Ndf6 21. b5 Bb7
22. Ba3 Ne4 23. Nd5 Nc5 24. Qb1 Nc7 25. Bxc5 bxc5 26. Nxc7 Qxc7 27. Nd2 Qf7 28.
Nf1 f4 29. Rxd6 e4 30. Bg4 Rce8 31. Rd7 Re7 32. Rxb7 Rxb7 33. Qxe4 Kh8 34. Bh5
Qc7 35. Nd2 Bc3 36. Qc2 Qg7 37. Rc1 Bxd2 38. Qxd2 f3 39. g3 Rd7 40. Qe3 Re7 41.
Qa3 Qg5 42. Qc3+ Kg8 43. g4 Re4 44. h3 Qh4 45. Qd3 Qxh3 46. Qf1 Rxg4+ 47. Bxg4
Qxg4+ 48. Kh2 Rf5 0-1

[Event "Open Hradec Králové 2017"]
[Site "Hradec Králové"]
[Date "2017.10.06"]
[Round "7"]
[White "Stein, Robert"]
[Black "Zochowski, Janusz"]
[Result "1-0"]
[WhiteElo "2253"]
[BlackElo "1926"]
[PlyCount "53"]
[EventDate "2017.10.01"]

1. d4 d5 2. c4 c6 3. Nf3 Nf6 4. e3 Bg4 5. Nc3 e6 6. Qb3 Qb6 7. Nh4 Nbd7 8. h3
Bh5 9. g4 Bg6 10. Nxg6 hxg6 11. Bg2 Qxb3 12. axb3 Bd6 13. c5 Bc7 14. b4 O-O 15.
b5 e5 16. Ke2 Rfd8 17. Kd3 Nf8 18. bxc6 bxc6 19. Ra6 Rd7 20. Rxc6 a6 21. Rxf6
e4+ 22. Nxe4 dxe4+ 23. Bxe4 Rad8 24. Rxa6 Ne6 25. Kc2 Kf8 26. Bc6 Re7 27. b4
1-0

[Event "Open Hradec Králové 2017"]
[Site "Hradec Králové"]
[Date "2017.10.06"]
[Round "7"]
[White "Piankov, Evgenij"]
[Black "Wolf, Andreas"]
[Result "1-0"]
[WhiteElo "2254"]
[BlackElo "2006"]
[PlyCount "91"]
[EventDate "2017.10.01"]

1. d4 {[%emt 0:00:00]} Nf6 2. c4 e6 3. Nf3 d5 4. Nc3 c6 5. Bg5 Be7 6. e3 O-O 7.
Qc2 h6 8. Bh4 Nbd7 9. cxd5 Nxd5 10. Bxe7 Qxe7 11. Be2 Nxc3 12. bxc3 e5 13. O-O
exd4 14. cxd4 Nb6 15. a4 Bg4 16. h3 Bh5 17. Rfc1 Rfe8 18. Qc5 Bxf3 19. Bxf3
Qxc5 20. Rxc5 Re7 21. a5 Nd7 22. Rc2 a6 23. Rb1 Nf8 24. Rcb2 Ra7 25. d5 cxd5
26. Bxd5 Ne6 27. Rxb7 Rexb7 28. Bxb7 Nc5 29. Bd5 Kf8 30. Rb6 Nd7 31. Rc6 Ke7
32. Bc4 Ne5 33. Rxa6 Rxa6 34. Bxa6 Nc6 35. Bb7 Nxa5 36. Bd5 f5 37. f3 Kd6 38.
e4 fxe4 39. fxe4 Nc6 40. Bxc6 Kxc6 41. Kf2 Kd6 42. Kf3 Ke5 43. Ke3 g6 44. h4 g5
45. hxg5 hxg5 46. g3 1-0

[Event "Open Hradec Králové 2017"]
[Site "Hradec Králové"]
[Date "2017.10.06"]
[Round "7"]
[White "Eryshkanova, Anastasia"]
[Black "Belus, Benjamin"]
[Result "1-0"]
[WhiteElo "2127"]
[BlackElo "1941"]
[PlyCount "67"]
[EventDate "2017.10.01"]

1. Nf3 d5 2. g3 Nf6 3. Bg2 c5 4. O-O Nc6 5. d4 e6 6. c4 Bd7 7. cxd5 Nxd5 8. e4
Nb6 9. d5 exd5 10. exd5 Nb4 11. Re1+ Be6 12. dxe6 Qxd1 13. exf7+ Kxf7 14. Rxd1
Nc2 15. Na3 Nxa1 16. Bf4 Be7 17. Ne5+ Kf6 18. Rxa1 g5 19. Ng4+ Kf5 20. Ne3+ Kf6
21. Bc7 Rac8 22. Bxb6 axb6 23. Nd5+ Kf7 24. Nc4 b5 25. Ne5+ Kf8 26. Bh3 Ra8 27.
Nd7+ Kf7 28. Re1 Bf8 29. Be6+ Kg7 30. Re5 h6 31. Rf5 Kh7 32. Rf7+ Bg7 33. N7f6+
Kg6 34. Ne7# 1-0

[Event "Open Hradec Králové 2017"]
[Site "Hradec Králové"]
[Date "2017.10.06"]
[Round "7"]
[White "Leutwyler, Mathias"]
[Black "Nemec, Otakar"]
[Result "1/2-1/2"]
[WhiteElo "2109"]
[BlackElo "1885"]
[PlyCount "30"]
[EventDate "2017.10.01"]

1. d4 Nf6 2. Bf4 g6 3. Nc3 d5 4. Qd2 Bg7 5. O-O-O c6 6. f3 b5 7. Kb1 Nbd7 8. g4
O-O 9. e3 a5 10. h4 b4 11. Na4 h5 12. g5 Ne8 13. e4 Nc7 14. Bxc7 Qxc7 15. e5 e6
1/2-1/2

[Event "Open Hradec Králové 2017"]
[Site "Hradec Králové"]
[Date "2017.10.06"]
[Round "7"]
[White "Dzubasz, Tino"]
[Black "Berka, Lubos"]
[Result "1-0"]
[WhiteElo "2076"]
[BlackElo "1719"]
[PlyCount "37"]
[EventDate "2017.10.01"]

1. d4 Nf6 2. Nf3 g6 3. c4 Bg7 4. Nc3 d5 5. g3 O-O 6. Bg2 c6 7. O-O dxc4 8. Ne5
Be6 9. e4 Qc7 10. Bf4 Nh5 11. Nxg6 Nxf4 12. Nxf8 Bxf8 13. gxf4 Qxf4 14. Qf3 Qh6
15. d5 Bd7 16. Kh1 Bg7 17. Qg3 Kh8 18. Qc7 Bg4 19. Qxb7 1-0

[Event "Open Hradec Králové 2017"]
[Site "Hradec Králové"]
[Date "2017.10.06"]
[Round "7"]
[White "Urban, Marek"]
[Black "Gurack, Daniel"]
[Result "0-1"]
[WhiteElo "1660"]
[BlackElo "2075"]
[PlyCount "80"]
[EventDate "2017.10.01"]

1. d4 e6 2. Nf3 Nf6 3. Bg5 b6 4. Nbd2 h6 5. Bf4 Bb7 6. e3 Be7 7. Bd3 d6 8. e4
Nbd7 9. Qe2 Nh5 10. Be3 Nhf6 11. Bf4 g5 12. Bg3 Nh5 13. O-O-O Bf8 14. Ne1 Nxg3
15. hxg3 Qe7 16. f4 O-O-O 17. Ba6 Bg7 18. Nb3 Kb8 19. Bxb7 Kxb7 20. Nd3 Nb8 21.
Kb1 c6 22. e5 d5 23. Rc1 Rdg8 24. c4 dxc4 25. Rxc4 Rc8 26. Rhc1 Rhd8 27. Qe4
Bf8 28. Nb4 Qd7 29. a4 a5 30. Na2 Na6 31. Qc2 Qd5 32. Qe2 Bb4 33. R1c2 gxf4 34.
gxf4 Rg8 35. Nbc1 Rg6 36. Nd3 Rcg8 37. Naxb4 axb4 38. Ne1 Rc8 39. Nd3 b3 40.
Ne1 bxc2+ 0-1

[Event "Open Hradec Králové 2017"]
[Site "Hradec Králové"]
[Date "2017.10.06"]
[Round "7"]
[White "Roessel, Louis"]
[Black "Malinovsky, Petr"]
[Result "1/2-1/2"]
[WhiteElo "1831"]
[BlackElo "2027"]
[PlyCount "66"]
[EventDate "2017.10.01"]

1. b3 {[%emt 0:00:00]} d5 2. Bb2 e6 3. e3 Bd6 4. f4 Nf6 5. Nf3 O-O 6. Be2 b6 7.
O-O c5 8. Qe1 Nbd7 9. Na3 Bb7 10. Ne5 Ne8 11. d4 f6 12. Nd3 f5 13. c4 Nef6 14.
Nb5 Be7 15. Ne5 a6 16. Nc3 cxd4 17. exd4 Ne4 18. Nxe4 dxe4 19. Qc3 Nxe5 20.
dxe5 Bc5+ 21. Kh1 Qe7 22. a3 a5 23. Bc1 Rad8 24. Be3 Rd7 25. a4 Rfd8 26. Rad1
Bxe3 27. Qxe3 Qb4 28. Rxd7 Rxd7 29. Rd1 Qc5 30. Qxc5 Rxd1+ 31. Bxd1 bxc5 32.
Kg1 h6 33. h4 g6 1/2-1/2

[Event "Open Hradec Králové 2017"]
[Site "Hradec Králové"]
[Date "2017.10.06"]
[Round "7"]
[White "Kalveus, Jan"]
[Black "Berger, Volkmar"]
[Result "1-0"]
[WhiteElo "1867"]
[BlackElo "1669"]
[PlyCount "57"]
[EventDate "2017.10.01"]

1. d4 {[%emt 0:00:00]} Nf6 2. Bg5 e6 3. e4 Be7 4. Bd3 Nc6 5. c3 d6 6. f4 Ng8 7.
Nf3 Bd7 8. O-O h6 9. Bxe7 Ncxe7 10. Qe2 Bc6 11. c4 d5 12. exd5 exd5 13. c5 Qd7
14. b4 a6 15. a4 Nf6 16. Nbd2 O-O 17. b5 Rfe8 18. Ne5 Qe6 19. bxc6 Nxc6 20. Qf2
Ng4 21. Nxg4 Qxg4 22. h3 Qh5 23. Rae1 Kf8 24. Kh2 f5 25. Nf3 Rxe1 26. Rxe1 Re8
27. Rxe8+ Kxe8 28. Qe2+ Kd8 29. Ne5 1-0

[Event "Open Hradec Králové 2017"]
[Site "Hradec Králové"]
[Date "2017.10.06"]
[Round "7"]
[White "Svoboda, Frantisek"]
[Black "Hassemeier, Mika"]
[Result "1-0"]
[WhiteElo "1725"]
[BlackElo "1864"]
[PlyCount "143"]
[EventDate "2017.10.01"]

1. d4 {[%emt 0:00:00]} Nf6 2. e3 g6 3. Bd3 Bg7 4. Nf3 O-O 5. c3 d6 6. O-O c6 7.
e4 Nbd7 8. Bf4 Qe8 9. Re1 e5 10. Bg3 Nh5 11. Bh4 Nf4 12. Bc2 h6 13. Bg3 Nh5 14.
Nbd2 Nxg3 15. hxg3 Nf6 16. Nc4 Qe6 17. dxe5 Qxc4 18. exf6 Bxf6 19. Qxd6 Qe6 20.
Qxe6 Bxe6 21. e5 Bg7 22. Nd4 Rfe8 23. Nxe6 Rxe6 24. f4 Ree8 25. Rad1 Rad8 26.
Rxd8 Rxd8 27. Rd1 Rxd1+ 28. Bxd1 Kf8 29. Kf2 g5 30. Ke3 Ke7 31. Ke4 gxf4 32.
gxf4 f6 33. exf6+ Bxf6 34. Kf5 Bg7 35. g4 b6 36. Kg6 Kf8 37. f5 b5 38. f6 Bh8
39. b3 c5 40. c4 b4 41. Bf3 a5 42. Bd5 Ke8 43. f7+ Kf8 44. Kxh6 Be5 45. Kg6 Bd4
46. Kf5 Ke7 47. g5 Bb2 48. g6 Bc3 49. Bc6 Kf8 50. Ke6 Bb2 51. Kd7 Bc3 52. Kc7
Be5+ 53. Kb6 Bd4 54. Kxa5 Be3 55. Kb5 Bf2 56. Be4 Be3 57. Bb1 Bd4 58. a4 bxa3
59. b4 cxb4 60. Kxb4 Bg7 61. Kxa3 Ke7 62. Kb4 Kd6 63. Kb5 Kc7 64. Kc5 Bf8+ 65.
Kd5 Kd7 66. Bf5+ Kc7 67. c5 Kd8 68. c6 Kc7 69. Bd7 Bg7 70. Ke6 Kd8 71. Be8 Bh8
72. f8=Q 1-0

[Event "Open Hradec Králové 2017"]
[Site "Hradec Králové"]
[Date "2017.10.06"]
[Round "7"]
[White "Brhlik, Antonin"]
[Black "Freeland, Alex"]
[Result "0-1"]
[WhiteElo "1733"]
[BlackElo "2034"]
[PlyCount "106"]
[EventDate "2017.10.01"]

1. e4 e6 2. d4 d5 3. Nc3 Nf6 4. Bg5 Bb4 5. e5 h6 6. Bd2 Bxc3 7. Bxc3 Ne4 8. Bb4
c5 9. dxc5 Bd7 10. Nf3 Qc7 11. Bd3 Nc6 12. Ba3 Nxe5 13. Bxe4 dxe4 14. Nxe5 Qxe5
15. Qd6 Qxd6 16. cxd6 Bc6 17. c4 Kd7 18. O-O f5 19. Rfe1 g5 20. b4 b6 21. Bb2
Rhg8 22. b5 Bb7 23. Be5 Rac8 24. Rec1 f4 25. a4 Rc5 26. Bd4 Rf5 27. c5 bxc5 28.
Bxc5 a6 29. Ba3 Rc8 30. Rxc8 Bxc8 31. b6 Bb7 32. Rc1 Bc6 33. b7 Rf8 34. Rb1 Rb8
35. Rb6 Rxb7 36. Rxb7+ Bxb7 37. a5 Bc8 38. Kf1 h5 39. Ke2 Kc6 40. Bb2 Kxd6 41.
Bf6 g4 42. g3 e5 43. Bg5 Ke6 44. Bh4 Bd7 45. Bg5 Be8 46. Bh4 Kf5 47. Bd8 Bb5+
48. Kd2 Bc4 49. Bc7 h4 50. Bb8 e3+ 51. fxe3 fxg3 52. hxg3 h3 53. Ke1 h2 0-1

[Event "Open Hradec Králové 2017"]
[Site "Hradec Králové"]
[Date "2017.10.06"]
[Round "7"]
[White "Kuru, Martin"]
[Black "Tarimo, Didik Widiarso"]
[Result "0-1"]
[WhiteElo "1927"]
[BlackElo "1673"]
[PlyCount "66"]
[EventDate "2017.10.01"]

1. d4 {[%emt 0:00:00]} Nf6 2. Bg5 d5 3. Nf3 Nbd7 4. e3 h6 5. Bf4 Nh5 6. Bg3
Nxg3 7. hxg3 Nf6 8. Bd3 e6 9. Nbd2 Bd6 10. Qe2 b6 11. c3 Bb7 12. Bb5+ c6 13.
Bd3 Qc7 14. e4 dxe4 15. Nxe4 Be7 16. Ne5 a6 17. Ng5 O-O 18. Ngf3 Bd6 19. O-O-O
c5 20. dxc5 Qxc5 21. Rhe1 b5 22. g4 Rfe8 23. g5 Bxf3 24. gxf3 hxg5 25. Kb1 Rad8
26. Ng4 Nd5 27. Qc2 f5 28. Ne3 Nf4 29. Bf1 Be7 30. Qb3 Rxd1+ 31. Rxd1 Rd8 32.
Rxd8+ Bxd8 33. Ng2 Qxf2 0-1

[Event "Open Hradec Králové 2017"]
[Site "Hradec Králové"]
[Date "2017.10.06"]
[Round "7"]
[White "Michel, Ladislav"]
[Black "Mechlinski, Jakub"]
[Result "0-1"]
[WhiteElo "1803"]
[BlackElo "1878"]
[PlyCount "56"]
[EventDate "2017.10.01"]

1. d4 {[%emt 0:00:00]} d5 2. Bf4 Nf6 3. e3 e6 4. Nf3 c5 5. c3 Nc6 6. Nbd2 Bd6
7. Bg5 O-O 8. Bd3 b6 9. e4 cxd4 10. exd5 exd5 11. Nxd4 Nxd4 12. cxd4 Re8+ 13.
Kf1 h6 14. Bh4 Bf4 15. Bb5 Bd7 16. Bxd7 Qxd7 17. Bxf6 gxf6 18. Nb3 Qb5+ 19. Kg1
Re2 20. g3 Bd6 21. Qc1 Kg7 22. Kg2 Rae8 23. Rd1 h5 24. Qc3 Bb4 25. Qc1 Re1 26.
a3 Qf1+ 27. Kf3 Qh1+ 28. Kf4 Qe4# 0-1

[Event "Open Hradec Králové 2017"]
[Site "Hradec Králové"]
[Date "2017.10.06"]
[Round "7"]
[White "Kosior, Jan"]
[Black "Aird, Ian"]
[Result "1-0"]
[WhiteElo "1592"]
[BlackElo "1809"]
[PlyCount "31"]
[EventDate "2017.10.01"]

1. e4 d6 2. d4 Nf6 3. Nc3 g6 4. Bc4 Bg7 5. h3 O-O 6. Nf3 Nxe4 7. Nxe4 d5 8. Bd3
dxe4 9. Bxe4 Qd6 10. O-O Nc6 11. c3 Be6 12. d5 Rad8 13. Qa4 Bxd5 14. Rd1 Qe6
15. Ng5 Qe5 16. f4 1-0

[Event "Open Hradec Králové 2017"]
[Site "Hradec Králové"]
[Date "2017.10.06"]
[Round "7"]
[White "Ret, Adam Josef"]
[Black "Krueger, Thomas"]
[Result "1-0"]
[WhiteElo "1741"]
[BlackElo "1582"]
[PlyCount "51"]
[EventDate "2017.10.01"]

1. d4 {[%emt 0:00:00]} Nf6 2. c4 e6 3. Nc3 Bb4 4. Bd2 c5 5. e3 O-O 6. Nf3 d5 7.
Bd3 Nc6 8. a3 Bxc3 9. bxc3 b6 10. O-O Ba6 11. Qa4 Na5 12. Ne5 Bxc4 13. Bxc4
Nxc4 14. Nxc4 dxc4 15. Qxc4 Rc8 16. Qa6 Qd7 17. Rfd1 c4 18. f3 Rfd8 19. e4 Qc7
20. g3 Nh5 21. Kg2 Qe7 22. e5 g5 23. Rh1 Kh8 24. h4 gxh4 25. Rxh4 Ng7 26. Rah1
1-0

[Event "Open Hradec Králové 2017"]
[Site "Hradec Králové"]
[Date "2017.10.06"]
[Round "7"]
[White "Volkov, Andreiy"]
[Black "Ricar-Sen., Jiri"]
[Result "1-0"]
[WhiteElo "1417"]
[BlackElo "1691"]
[PlyCount "68"]
[EventDate "2017.10.01"]

1. e4 e5 2. Nf3 Nc6 3. d4 exd4 4. Nxd4 Bc5 5. Nb3 Bb6 6. Nc3 a6 7. Nd5 Ba7 8.
Qe2 d6 9. Be3 Bb8 10. O-O-O Ne5 11. f3 Be6 12. Qf2 Ne7 13. h4 Qd7 14. h5 h6 15.
g4 Bxd5 16. exd5 Qa4 17. Kb1 c6 18. Bc1 c5 19. Nd2 Nxd5 20. Nc4 Nb4 21. a3 O-O
22. Nb6 Qc6 23. Nxa8 Ba7 24. Qg2 Rxa8 25. axb4 Qa4 26. f4 Nc6 27. b3 Qxb4 28.
Qd2 Qb6 29. Bb2 f6 30. g5 Nb4 31. Bc3 a5 32. Bc4+ d5 33. Bxd5+ Nxd5 34. Qxd5+
Kh8 1-0

[Event "Open Hradec Králové 2017"]
[Site "Hradec Králové"]
[Date "2017.10.06"]
[Round "7"]
[White "Mohammad Kheirkhah"]
[Black "Valik, Ondrej"]
[Result "0-1"]
[WhiteElo "1487"]
[BlackElo "1532"]
[PlyCount "72"]
[EventDate "2017.10.01"]

1. d4 f5 2. Nf3 e6 3. c4 Nf6 4. Nc3 Bb4 5. Bg5 b6 6. a3 Bxc3+ 7. bxc3 Bb7 8. d5
Qe7 9. Qd4 O-O 10. e3 d6 11. Be2 e5 12. Qd2 Na6 13. Qc2 Qd7 14. Bxf6 Rxf6 15.
O-O Nc5 16. a4 a5 17. Nd2 Raf8 18. f3 Qf7 19. Nb3 Nd7 20. Rab1 Bc8 21. Nd2 Nc5
22. Ra1 f4 23. e4 Qh5 24. Rfb1 Rh6 25. Nf1 Rg6 26. Kf2 Qh4+ 27. g3 fxg3+ 28.
hxg3 Nxe4+ 29. Ke1 Nxg3 30. Ne3 Ne4+ 31. Kd1 Rg1+ 32. Nf1 Rxf3 33. Bd3 Rfxf1+
34. Bxf1 Rxf1+ 35. Ke2 Qf2+ 36. Kd3 Qf3# 0-1

[Event "Open Hradec Králové 2017"]
[Site "Hradec Králové"]
[Date "2017.10.07"]
[Round "8"]
[White "Geller, Jakov"]
[Black "Grela, Kacper"]
[Result "1-0"]
[WhiteElo "2526"]
[BlackElo "2274"]
[PlyCount "65"]
[EventDate "2017.10.01"]

1. e4 c5 2. Nf3 d6 3. d4 cxd4 4. Nxd4 Nf6 5. Nc3 Nc6 6. Bg5 e6 7. Qd2 Be7 8.
O-O-O Nxd4 9. Qxd4 O-O 10. f4 Qa5 11. h4 Rd8 12. Qe3 h6 13. Be2 Bd7 14. Qg3 Kf8
15. e5 dxe5 16. fxe5 hxg5 17. hxg5 Ng8 18. Rdf1 Be8 19. g6 f6 20. Rh8 Rac8 21.
Rfh1 Bxg6 22. Qxg6 Qxe5 23. Rxg8+ Kxg8 24. Qh7+ Kf8 25. Qh8+ Kf7 26. Bh5+ g6
27. Bxg6+ Kxg6 28. Qh7+ Kg5 29. Qh5+ Kf4 30. Rh4+ Kg3 31. Ne4+ Qxe4 32. Rxe4 f5
33. Qh3+ 1-0

[Event "Open Hradec Králové 2017"]
[Site "Hradec Králové"]
[Date "2017.10.07"]
[Round "8"]
[White "Plischki, Sebastian"]
[Black "Swicarz, Maciej"]
[Result "1/2-1/2"]
[WhiteElo "2397"]
[BlackElo "2363"]
[PlyCount "42"]
[EventDate "2017.10.01"]

1. d4 f5 2. g3 Nf6 3. Bg2 g6 4. c4 Bg7 5. Nc3 d6 6. Nh3 c6 7. d5 e5 8. dxe6
Bxe6 9. Bf4 Bxc4 10. Bxd6 Bf8 11. Bxf8 Qxd1+ 12. Rxd1 Rxf8 13. O-O Nbd7 14. Rd4
Bg8 15. e4 fxe4 16. Nxe4 O-O-O 17. Nc3 Nb6 18. Rfd1 Rxd4 19. Rxd4 Re8 20. Rd1
Kc7 21. Nf4 Nc4 1/2-1/2

[Event "Open Hradec Králové 2017"]
[Site "Hradec Králové"]
[Date "2017.10.07"]
[Round "8"]
[White "Jirasek, Pavel"]
[Black "Stein, Robert"]
[Result "1-0"]
[WhiteElo "2292"]
[BlackElo "2253"]
[PlyCount "99"]
[EventDate "2017.10.01"]

1. e4 e6 2. d4 d5 3. e5 c5 4. c3 Nc6 5. Nf3 Bd7 6. a3 f6 7. Bd3 fxe5 8. dxe5
Qc7 9. Qe2 Nh6 10. Bf4 g6 11. Nbd2 Bg7 12. O-O-O c4 13. Bc2 O-O-O 14. h4 Nf7
15. Rde1 Rde8 16. Qe3 b5 17. h5 g5 18. Nxg5 Nxg5 19. Bxg5 Bxe5 20. f4 Bd6 21.
g3 e5 22. Qf2 exf4 23. Bxf4 Ref8 24. Rh4 h6 25. Qg2 Bxf4 26. Rxf4 Rxf4 27. gxf4
Qxf4 28. Qxd5 Qg5 29. Qxg5 hxg5 30. Bg6 Kc7 31. Ne4 Ne5 32. Nf6 Nc6 33. Rg1 Rf8
34. Nxd7 Kxd7 35. Rxg5 Rf1+ 36. Kd2 Rh1 37. Rxb5 Kd6 38. Ke3 Ne5 39. Kf4 Nd3+
40. Kg5 Ne5 41. Kf6 Nc6 42. Be4 Rf1+ 43. Rf5 Re1 44. Bxc6 Kxc6 45. h6 Kd6 46.
h7 Rh1 47. Kg6 Ke6 48. Rh5 Rg1+ 49. Rg5 Rh1 50. Kg7 1-0

[Event "Open Hradec Králové 2017"]
[Site "Hradec Králové"]
[Date "2017.10.07"]
[Round "8"]
[White "Piankov, Evgenij"]
[Black "Eryshkanova, Anastasia"]
[Result "0-1"]
[WhiteElo "2254"]
[BlackElo "2127"]
[PlyCount "138"]
[EventDate "2017.10.01"]

1. d4 e6 2. g3 c5 3. Nf3 b6 4. Bg2 Bb7 5. O-O Nf6 6. c4 d6 7. Nc3 cxd4 8. Nxd4
Bxg2 9. Kxg2 Be7 10. Qa4+ Qd7 11. Qxd7+ Kxd7 12. b3 Rc8 13. Bb2 Nc6 14. Nf3 a6
15. Rfd1 h6 16. Nd2 Kc7 17. Nce4 Nxe4 18. Nxe4 f5 19. Nd2 g6 20. e4 b5 21. exf5
gxf5 22. f4 Nb4 23. Kf3 h5 24. Bc3 Nc6 25. Re1 Kd7 26. Re3 Rg8 27. Rae1 Rg6 28.
Rd3 b4 29. Be5 Kc7 30. Bb2 h4 31. Nf1 a5 32. Rd2 a4 33. Ne3 hxg3 34. hxg3 Rag8
35. Nf1 Rh6 36. Rh2 Rxh2 37. Nxh2 Kd7 38. Nf1 Ra8 39. Ke3 Bd8 40. Nd2 Bb6+ 41.
Kf3 axb3 42. axb3 Ra2 43. Rb1 Nd4+ 44. Bxd4 Bxd4 45. Rd1 Rb2 46. g4 Bc3 47. Nf1
fxg4+ 48. Kxg4 Rxb3 49. f5 Be5 50. c5 d5 51. c6+ Kd6 52. c7 exf5+ 53. Kxf5 Rf3+
54. Kg4 Rc3 55. Ne3 d4 56. Kf5 Rxc7 57. Ke4 Ke6 58. Nf5 d3 59. Rxd3 Rc4+ 60.
Nd4+ Kd6 61. Ke3 Bxd4+ 62. Rxd4+ Kc5 63. Rd8 Rc3+ 64. Kd2 Kc4 65. Rb8 Kb3 66.
Rb7 Rc5 67. Rb8 Ka3 68. Rd8 Kb2 69. Kd1 b3 0-1

[Event "Open Hradec Králové 2017"]
[Site "Hradec Králové"]
[Date "2017.10.07"]
[Round "8"]
[White "Dzubasz, Tino"]
[Black "Bartos, Jan"]
[Result "1-0"]
[WhiteElo "2076"]
[BlackElo "2227"]
[PlyCount "63"]
[EventDate "2017.10.01"]

1. e4 g6 2. d4 Bg7 3. Nc3 c6 4. Be3 d5 5. e5 Qb6 6. Qd2 Qxb2 7. Rb1 Qa3 8. Bd3
Qa5 9. Nge2 Qc7 10. O-O Nd7 11. f4 Nh6 12. f5 Nxf5 13. Bxf5 gxf5 14. Bh6 Bxh6
15. Qxh6 Nb6 16. Nf4 Bd7 17. e6 Bxe6 18. Nxe6 fxe6 19. Rbe1 O-O-O 20. Qxe6+ Qd7
21. Rxf5 Qxe6 22. Rxe6 Kd7 23. Rh6 Nc4 24. Rf7 Ne3 25. Rhxh7 Rxh7 26. Rxh7 Nxc2
27. Ne2 b5 28. h4 Rg8 29. h5 Ne3 30. Nf4 Rg4 31. Ng6 Nf5 32. Ne5+ 1-0

[Event "Open Hradec Králové 2017"]
[Site "Hradec Králové"]
[Date "2017.10.07"]
[Round "8"]
[White "Malinovsky, Petr"]
[Black "Gurack, Daniel"]
[Result "1/2-1/2"]
[WhiteElo "2027"]
[BlackElo "2075"]
[PlyCount "86"]
[EventDate "2017.10.01"]

1. d4 e6 2. c4 Nf6 3. Nc3 Bb4 4. Bg5 b6 5. f3 h6 6. Bh4 Bxc3+ 7. bxc3 d5 8. e3
O-O 9. cxd5 exd5 10. Bd3 Qe7 11. Bf2 Ba6 12. Ne2 Bxd3 13. Qxd3 Nbd7 14. O-O
Rfe8 15. Ng3 c5 16. Rae1 cxd4 17. cxd4 Qe6 18. Re2 Nf8 19. e4 Ng6 20. Qd2 dxe4
21. fxe4 Qg4 22. e5 Nd5 23. Re4 Qe6 24. Be3 Nge7 25. Rh4 Nxe3 26. Qxe3 Rac8 27.
Qf2 Rc7 28. Ne4 Qg6 29. Qf3 Rf8 30. Rg4 Qe6 31. Nf6+ Kh8 32. Qe4 gxf6 33. Rxf6
Rc1+ 34. Kf2 Qxa2+ 35. Kg3 Ng8 36. Qf4 Kh7 37. Qxc1 Nxf6 38. exf6 Rg8 39. Rxg8
Kxg8 40. Qc8+ Kh7 41. Qf5+ Kh8 42. Qc8+ Kh7 43. Qf5+ Kh8 1/2-1/2

[Event "Open Hradec Králové 2017"]
[Site "Hradec Králové"]
[Date "2017.10.07"]
[Round "8"]
[White "Zochowski, Janusz"]
[Black "Leutwyler, Mathias"]
[Result "1/2-1/2"]
[WhiteElo "1926"]
[BlackElo "2109"]
[PlyCount "98"]
[EventDate "2017.10.01"]

1. d4 d5 2. c4 dxc4 3. e3 e5 4. Nf3 exd4 5. exd4 Bd6 6. Bxc4 Nf6 7. O-O O-O 8.
Nc3 Nc6 9. Re1 Bg4 10. Be3 h6 11. h3 Bf5 12. Nh4 Bh7 13. Qf3 Nd7 14. Nf5 Qf6
15. Bd3 Nb4 16. Bb1 Rae8 17. a3 Nc6 18. Nd5 Qd8 19. Qg4 Qg5 20. Qd1 Qd8 21. Qf3
Kh8 22. Bc2 Nf6 23. Nc3 Qd7 24. g4 Ne7 25. Rad1 Bxf5 26. gxf5 c6 27. d5 c5 28.
Ba4 Qxf5 29. Qxf5 Nxf5 30. Bxe8 Rxe8 31. Nb5 b6 32. Nxd6 Nxd6 33. Bf4 Rd8 34.
Bxd6 Rxd6 35. Re7 Nxd5 36. Re5 Rg6+ 37. Kf1 Nf4 38. Re3 a6 39. Rd7 Rf6 40. Ree7
Kg8 41. h4 a5 42. Kg1 Nh3+ 43. Kg2 Nxf2 44. Rb7 Nd3 45. b3 Nf4+ 46. Kg3 Nd3 47.
Rb8+ Kh7 48. Rc8 Rg6+ 49. Kf3 Re6 1/2-1/2

[Event "Open Hradec Králové 2017"]
[Site "Hradec Králové"]
[Date "2017.10.07"]
[Round "8"]
[White "Roessel, Louis"]
[Black "Sernecki, Franciszek"]
[Result "0-1"]
[WhiteElo "1831"]
[BlackElo "2109"]
[PlyCount "60"]
[EventDate "2017.10.01"]

1. e4 c5 2. b3 e6 3. Bb2 d5 4. exd5 exd5 5. Bb5+ Nc6 6. Qe2+ Qe7 7. Bxc6+ bxc6
8. Qxe7+ Nxe7 9. Nf3 Bg4 10. Ne5 Bf5 11. Na3 f6 12. Nf3 Be4 13. O-O-O Bxf3 14.
gxf3 Ng6 15. c4 d4 16. Rde1+ Kf7 17. Kc2 Bd6 18. h4 Rae8 19. h5 Nf4 20. h6 Rxe1
21. Rxe1 g5 22. d3 Re8 23. Rxe8 Kxe8 24. Kd2 Kf7 25. Nc2 Kg6 26. b4 Ne6 27. b5
Kxh6 28. a4 Bc7 29. bxc6 Kg6 30. Ba3 a6 0-1

[Event "Open Hradec Králové 2017"]
[Site "Hradec Králové"]
[Date "2017.10.07"]
[Round "8"]
[White "Gloser, David"]
[Black "Kalveus, Jan"]
[Result "1/2-1/2"]
[WhiteElo "1941"]
[BlackElo "1867"]
[PlyCount "69"]
[EventDate "2017.10.01"]

1. e4 e6 2. d4 d5 3. e5 c5 4. c3 Nc6 5. Nf3 Qb6 6. a3 Nh6 7. b4 cxd4 8. cxd4
Nf5 9. Be3 Nxe3 10. fxe3 Ne7 11. Bd3 Nf5 12. Qd2 g6 13. O-O Bh6 14. Re1 Bd7 15.
g4 Ne7 16. Qf2 Rc8 17. Ra2 Bb5 18. Bxb5+ Qxb5 19. Qh4 Bg7 20. Rf2 h5 21. Ng5
hxg4 22. Qxg4 Nf5 23. e4 Rh4 24. Qf3 dxe4 25. Nxe4 Qd7 26. Nbc3 Rc4 27. d5 Bxe5
28. dxe6 fxe6 29. h3 Rf4 30. Qxf4 Bxf4 31. Nf6+ Ke7 32. Ncd5+ Kd8 33. Nxd7 exd5
34. Nf6 Be3 35. Nxd5 1/2-1/2

[Event "Open Hradec Králové 2017"]
[Site "Hradec Králové"]
[Date "2017.10.07"]
[Round "8"]
[White "Nemec, Otakar"]
[Black "Stolyarsky, Yegor"]
[Result "1/2-1/2"]
[WhiteElo "1885"]
[BlackElo "1856"]
[PlyCount "110"]
[EventDate "2017.10.01"]

1. e4 e5 2. Nf3 Nc6 3. Bb5 a6 4. Ba4 Nf6 5. O-O Nxe4 6. d4 b5 7. Bb3 d5 8. dxe5
Be6 9. Be3 Be7 10. c3 O-O 11. Nbd2 Nxd2 12. Qxd2 Na5 13. Nd4 Nxb3 14. axb3 c5
15. Nxe6 fxe6 16. f4 Qc7 17. Rfd1 Rad8 18. Rxa6 d4 19. cxd4 cxd4 20. Bf2 Qc8
21. Raa1 d3 22. Rdc1 Qd7 23. Ra7 Qe8 24. Rcc7 Rf7 25. Rc1 Qf8 26. g3 Bb4 27.
Rxf7 Kxf7 28. Qe3 Kg8 29. Qf3 d2 30. Rd1 Bc5 31. Qe2 Bxf2+ 32. Qxf2 Qb4 33. Qb6
Qe7 34. Qxb5 Qa7+ 35. Kf1 Qe3 36. Qe2 Qd4 37. Qc4 Qe3 38. Qxe6+ Kh8 39. Qg4 Qe4
40. Kf2 Qd4+ 41. Kg2 Qxb2 42. Qf3 h6 43. Qe2 Qd4 44. e6 Qd5+ 45. Kf2 Qxb3 46.
e7 Qb6+ 47. Kf1 Re8 48. Qxd2 Rxe7 49. Qd8+ Qxd8 50. Rxd8+ Kh7 51. Rd6 Ra7 52.
Kg2 Ra2+ 53. Kh3 Rb2 54. f5 h5 55. Ra6 Rc2 1/2-1/2

[Event "Open Hradec Králové 2017"]
[Site "Hradec Králové"]
[Date "2017.10.07"]
[Round "8"]
[White "Freeland, Alex"]
[Black "Svoboda, Frantisek"]
[Result "0-1"]
[WhiteElo "2034"]
[BlackElo "1725"]
[PlyCount "58"]
[EventDate "2017.10.01"]

1. c4 Nf6 2. Nc3 e6 3. Nf3 b6 4. g3 Bb7 5. Bg2 Be7 6. O-O O-O 7. d4 Ne4 8. Qc2
Nxc3 9. Qxc3 Bf6 10. Bf4 d6 11. Rad1 c5 12. Be3 Qe7 13. Qd2 Rd8 14. dxc5 bxc5
15. Rc1 Nc6 16. Rfd1 h6 17. Qc2 e5 18. Bd2 e4 19. Ne1 Nd4 20. Qb1 Nxe2+ 21. Kf1
Nxc1 22. Rxc1 Rab8 23. b3 Bg5 24. Rd1 Bxd2 25. Rxd2 f5 26. Nc2 Qe5 27. Ne3 f4
28. Ng4 Qh5 29. Qd1 f3 0-1